| 000 | 00000nam##2200000za#4500 |
| 001 | 9.588121 |
| 003 | CaOODSP |
| 005 | 20210624194952 |
| 007 | cr ||||||||||| |
| 008 | 150406|2013||||xxc|||||o f|0| 0 eng|d |
| 020 | |a978-1-100-54283-6 |
| 022 | |a1915-8858 |
| 040 | |aCaOODSP|beng |
| 041 | |aeng |
| 041 | |afre |
| 043 | |an-cn--- |
| 086 | 1 |aM116-2/107E04-PDF |
| 110 | 1 |aCanada.|bNatural Resources Canada. |bCentre for Topographic Information. |
| 245 | 10|aNo title, Northwest Territories |h[electronic resource] |
| 250 | |aEd. 01, version 00 |
| 255 | |aScale 1:50,000 |
| 260 | |aOttawa - Ontario : |bNatural Resources Canada. |c2013. |
| 300 | |a1p.|bcoloured map |
| 490 | 1 |aCanadian topographic maps |x1915-8858|v107-E/4 |
| 500 | |aSeries A733. Includes a legend. |
| 590 | |a14-07-Supp|b2014-04-03 |
| 792 | |tNo title, Territoires du Nord-Ouest |efre|w(CaOODSP)9.588122 |
| 830 | #0|aCanadian topographic maps,|x1915-8858|v107-E/4|w(CaOODSP)9.500293 |
| 856 | 40|ahttp://publications.gc.ca|qPDF|s555 KB|uhttps://publications.gc.ca/collections/collection_2014/rncan-nrcan/M116-2-107E04.pdf|y107-E/4 |